000 00428nam a2200181Ia 4500
001 1044
005 20260306140603.0
008 260306t1982||||xx |||||||||||||| ||spa||
041 _aESP
082 _a180
_bH447 T. 1 1982
100 _aFraile, Guillermo
_eAUT
245 0 _aHistoria de la filosofĂ­a:
_bGrecia y Roma
260 _c1982
300 _a
_c20 cm.
650 _aGEN
654 _aCHU
942 _cLIB
_dJUS
_fJUS
_2ddc
_n
999 _c1044
_d1044